| 000 | 01127pam a2200349 i 4500 | ||
|---|---|---|---|
| 003 | EG-GICUC | ||
| 005 | 20260121101722.0 | ||
| 008 | 920303s1992 enk fr 001 0 eng d | ||
| 020 |
_a0198257120 : _c£40.00 |
||
| 020 |
_a0198256833 : _c£18.95 |
||
| 020 | _a9780198257127 | ||
| 020 | _a9780198256830 | ||
| 040 |
_aDLC _cDLC _dDLC _dEG-GICUC _beng _erda |
||
| 050 | 0 | 0 |
_aK3238.A1 _bB76 1992 |
| 082 | 0 | 0 |
_a341.48 _221 |
| 092 | 0 | 4 | _221 |
| 099 | _aLaw 11 1992 | ||
| 245 | 0 | 0 |
_aBasic documents on human rights / _cedited by Ian Brownlie. |
| 250 | _a3rd edition. | ||
| 264 |
_aOxford : _bClarendon Press ; _aNew York : _bOxford University Press, _c1992. |
||
| 300 |
_ax, 631 p. ; _c25 cm. _billustrations, |
||
| 336 |
_atext _2rdacontent |
||
| 337 |
_aComputer _2rdamedia |
||
| 338 |
_aOnline Resources _2rdacarrier |
||
| 500 | _aIncludes index. | ||
| 650 | 0 | _aHuman rights. | |
| 700 | 1 | _aBrownlie, Ian. | |
| 856 | 4 | 2 | _uhttps://fll.law.cu.edu.eg/fulltext/bks/ENGB11-00051.pdf |
| 856 | 4 | 2 |
_3Publisher description _uhttp://www.loc.gov/catdir/enhancements/fy0639/92009841-d.html |
| 905 | _a10 | ||
| 942 |
_2ddc _cBK _e21 _n0 |
||
| 999 |
_c56682 _d56682 |
||